000
00265nam a22001097a 4500
082
_a
910
100
_a
Trivedi, Sumit
_9
80255
245
_a
Elements of Ancient Indian Temple Culture
260
_a
Delhi
_b
Tejasvi Pub
_c
2018
650
_a
Temple
_9
80256
942
_c
BK
999
_c
63674
_d
63674